Ptáci našich zahrad /
Uloženo v:
| Hlavní autor: | |
|---|---|
| Další autoři: | , |
| Médium: | Kniha |
| Jazyk: | Czech |
| Vydáno: |
V Brně :
Edika,
2022
|
| Vydání: | 2. vydání |
| Témata: | |
| Celkem bylo vypůjčeno: | 17x |
| Tagy: |
Žádné tagy |
| LEADER | 02299nam a2200637 i 4500 | ||
|---|---|---|---|
| 001 | 97834 | ||
| 003 | CZ PrNK | ||
| 005 | 20220712160551.0 | ||
| 007 | ta | ||
| 008 | 220630s2022 xr a a f 000 0 cze | ||
| 015 | |a cnb003428881 | ||
| 020 | |a 9788026616917 |q (vázáno) : |c Kč 399,00 | ||
| 040 | |a ABA001 |b cze |e rda | ||
| 041 | 1 | |a cze |h eng | |
| 072 | 7 | |a 59 |x Zoologie |2 Konspekt |9 2 | |
| 072 | 7 | |a 0/9-053.2 |x Literatura pro děti a mládež (naučná) |2 Konspekt |9 26 | |
| 080 | |a 598.2 |2 MRF | ||
| 080 | |a 591.9 |2 MRF | ||
| 080 | |a 591.5 |2 MRF | ||
| 080 | |a 591.582:598.2 |2 MRF | ||
| 080 | |a (4) |2 MRF | ||
| 080 | |a (0.062) |2 MRF | ||
| 080 | |a (084.11) |2 MRF | ||
| 080 | |a (0.053.2) |2 MRF | ||
| 100 | 1 | |a Pinnington, Andrea |7 mzk2012694352 |4 aut |9 113335 | |
| 245 | 1 | 0 | |a Ptáci našich zahrad / |c Andrea Pinnington & Caz Buckingham ; překlad: Hana Marsault |
| 250 | |a 2. vydání | ||
| 264 | 1 | |a V Brně : |b Edika, |c 2022 | |
| 300 | |a 26 nečíslovaných stran : |b barevné ilustrace ; |c 21 x 23 cm | ||
| 336 | |a text |b txt |2 rdacontent | ||
| 336 | |a statický obraz |b sti |2 rdacontent | ||
| 337 | |a bez média |b n |2 rdamedia | ||
| 338 | |a svazek |b nc |2 rdacarrier | ||
| 500 | |a Přeloženo z angličtiny | ||
| 500 | |a Kartonové listy, zadní deska se zvukovým modulem na baterie | ||
| 521 | 8 | |a Pro děti od 4 let | |
| 650 | 0 | 7 | |a ptáci |7 ph115956 |2 czenas |
| 650 | 0 | 7 | |a fauna |7 ph114529 |z Evropa |2 czenas |
| 650 | 0 | 7 | |a ekologie živočichů |7 ph114419 |2 czenas |
| 650 | 0 | 7 | |a ptačí zpěv |7 ph170596 |2 czenas |9 1418 |
| 650 | 0 | 9 | |a birds |2 eczenas |
| 650 | 0 | 9 | |a fauna |z Europe |2 eczenas |
| 650 | 0 | 9 | |a animal ecology |2 eczenas |
| 650 | 0 | 9 | |a birdsongs |2 eczenas |
| 655 | 7 | |a populárně-naučné publikace |7 fd131864 |2 czenas | |
| 655 | 7 | |a obrazové publikace |7 fd132947 |2 czenas |9 53754 | |
| 655 | 7 | |a publikace pro děti |7 fd133156 |2 czenas | |
| 655 | 9 | |a popular works |2 eczenas | |
| 655 | 9 | |a pictorial works |2 eczenas | |
| 655 | 9 | |a children's literature |2 eczenas | |
| 700 | 1 | |a Buckingham, Caz |7 ola2017972041 |4 aut |9 113336 |4 ill | |
| 700 | 1 | |a Marsault, Hana, |d 1977- |7 jx20080116018 |4 trl |9 113337 | |
| 910 | |a UOG502 | ||
| 942 | |2 ddc |c KN | ||
| 999 | |d 97834 | ||
| 993 | |0 0 |1 421180098192 |2 ddc |4 0 |7 0 |9 87323 |b 0 |c 98192 |d 2022-07-12 |e 17 |f M |h 399.00 |i Koupě |l M |m 14 |r 2026-04-08 |s 2026-01-22 |t 7 |w 2022-07-12 |y KN |z LEPO |n | ||